1202 1812 1766 1409 1007 1557 1328 1498 1602 1098 1635 1750 1576 1586 1109 1188 1023 1211 1497 1220 1443 1928 1551 1780 1978 1382 1107 1624 1226 1883 1637 1648 1071 1449 1480 1073 1447 1694 1425 1150 1352 1015 1665 1141 1849 1228 1095 1146 1736 1736 1265 1137 1809 1711 1305 1638 1394 1116 1293 1952 1282 1628 1055 1545 1370 1006 1088 1348 1975 1132 1920 1937 1423 1372 1311 1859 1504 1972 1260 1350 1796 1266 1500 1782 1672 1755 1684 1905 1745 1824 1601 1650 1169 1664 1136 1059 1370 1816 1940 BCNSPRNW ULIB Ver.6.0+V

เปลี่ยนเป็นภาษาไทย

Change to English
 แสดงรายละเอียดบรรณานุกรม
  กลับหน้าหลัก

Brief Record : Get Marc (ISO 2709) : E-mail record : QR code < ปิดหน้าต่าง
LEADER : 00000nam 2200000uu 4500
001    13399124241
003     ULIB
008    150215s2557||||th 000 0 tha d
020    ^a9786163617477
060  4 ^aQS4^bผ381ร
100 0  ^aผาสุก มหรรฆานุเคราะห์
245 10 ^aระบบการเคลื่อนไหว =^bLocomotive System/^cผาสุก มหรรฆานุเคราะห์
250    ^aพิมพ์ครั้งที่ 1
260    ^aกรุงเทพฯ :^bภาควิชากายวิภาคศาสตร์ คณะแพทยศาสตร์ มหาวิทยาลัยเชียงใหม่,^c2557
300    ^a320 หน้า :^bภาพประกอบ
650  7 ^aกายวิภาคศาสตร์
650  7 ^aสรีรวิทยาของมนุษย์
650  7 ^aการเคลื่อนไหว
650  7 ^aมหกายวิภาคศาสตร์
945    ^p450^l0^i039079
999    ^aทศพร
รายการนี้ยังไม่มีแท็ก
คุณยังไม่ได้ล็อกอิน คุณสามารถมีกิจกรรมร่วมกับเว็บไซต์ได้ แต่ต้องล็อกอินก่อน ::
  ล็อกอิน

รายการสื่อสารสนเทศ

ลำดับที่ ประเภท เลขเรียก/บาร์โค้ด สถานที่ สถานะ
1. วิทยาศาสตร์การแพทย์ และสุขภาพ
วิทยาศาสตร์การแพทย์ และสุขภาพ
สถานะ=หนังสือเก่า
QS4 ผ381ร ฉ.1 
  Barcode: 039079
ห้องสมุดวิทยาเขตสวรรค์ประชารักษ์
►ส่วนจัดเก็บหนังสือเก่า สปร
บนชั้น
  ขอยืม

รายการใกล้เคียง
    ผู้แต่ง [ผาสุก มหรรฆานุเคราะห์]

    หัวเรื่อง [กายวิภาคศาสตร์]
    หัวเรื่อง [สรีรวิทยาของมนุษย์]
    หัวเรื่อง [การเคลื่อนไหว]
    หัวเรื่อง [มหกายวิภาคศาสตร์]

BibComment


ยังไม่เคยถูกคอมเมนท์

คอมเมนท์ทรัพยากรรายการนี้
  คอมเมนท์: ระบบการเคลื่อนไห..


 Copyright 2026. Bcnsprnw @Library